Statistics for Dream SMP quiz lol

Click here to take the quiz!

General Stats

  • This quiz has been taken 72 times
  • The average score is 13 of 15

Answer Stats

QuestionsAnswer% Correct
Who's Name is in the titleDream
100%
Who are the main 3 members of the dream teamDream George sapnap
93%
Who said "It was never meant to be"Wilbur
93%
Who says "muffin" instead of swearsBadBoyHalo
91%
Which 2 members canotically adopted a piglin childTubbo and Ranboo
91%
Who had a mushroom houseGeorge
89%
Who is half black and half white (sorry if that sounds racist, you know what I mean?)Ranboo
89%
Who created the nation "Las Nevadas"Quackity
85%
Who would most likely burn a orphanage downTechnoblade
85%
Who said "This is, like, he described me as a pawn...This is checkmate. This is it."Tubbo
85%
What is one of the most loved shipsDnf
80%
Who betrayed L'manburgEret
80%
Who said "If this is what I've become, then I don't wanna be me anymore"Tommy
80%
Who built the mushroom house during a war (Hint: use their full yt name!)GeorgeNotFound
78%
What was his name (see question above)Micheal
62%

Score Distribution

Percentile by Number Answered

Percent of People with Each Score

Your Score History

You have not taken this quiz